000 01209nam a2200277Ia 4500
999 _c53835
_d53835
001 20886
003 GE_BSU
005 20210609163013.0
008 181216s ||||ge |||||||||||||| ||geo||
020 _a9789941012556
040 _cGE_BSU
041 _ageo
080 _a347.779 ძ-21
100 _aძამუკაშვილი, დავით
_9925
245 _aინტელექტუალური საკუთრების სამართალი /
_cძამუკაშვილი დავით.
250 _aმე-2 გამოცემა
264 _aთბილისი :
_bბონა კაუზა,
_c2014.
300 _a506 გვ. ;
_c20 სმ.
490 _aიურისტის ბიბლიოთეკა
500 _aგათვალისწინებულია 2013-2014წლების საკანონმდებლო ცვლილებები
504 _aბიბლიოგრაფია გვ. 499-505
541 _h22ლ.
653 _aინტელექტუალური საკუთრების სამართალი
653 _aსამართალი
942 _cBK
_2udc